| 000 | 00570nam a2200181 i 4500 | ||
|---|---|---|---|
| 001 | 55454 | ||
| 003 | ES-MaACL | ||
| 005 | 20230906163141.0 | ||
| 007 | t| | ||
| 008 | 030919s1976 sp ||||1| spa d | ||
| 100 | 1 |
_aDerogy, Jacques. _943787 |
|
| 245 | 1 | 0 |
_aIsrael _b: la muerte enfrente / _cJacques Derogy, Jean-Noël Gurgand ; [traducción Pedro de Alfonso]. |
| 260 |
_a[Madrid] : _bA. Q. Ed., _c1976. |
||
| 300 |
_a417 p., 3 lám. ; _c22 cm. |
||
| 700 | 1 |
_aGurgand, Jean-Noël. _960973 |
|
| 700 | 1 |
_aAlfonso, Pedro de. _919855 |
|
| 852 |
_aES-MaACL _jA-7332 _bR.95329 |
||
| 999 |
_c55454 _d55454 |
||